El regionalismo crítico en la vivienda de remesa en el departamento de Carazo - Nicaragua
La tesina, EL REGIONALISMO CRÍTICO EN LA VIVIENDA DE REMESA EN EL DEPARTAMENTO DE CARAZO - NICARAGUA establece premisas para el estudio de las inconexiones formales de la vivienda de remesa a partir de las relaciones de esta con el regionalismo crítico y la postura global. Esta investigación evid...
| Main Author: | |
|---|---|
| Other Authors: | |
| Format: | Tesis Section = Libro |
| Language: | Undetermined Spanish |
| Published: |
Managua
UNI
2010
|
| Subjects: |
| LEADER | 01736nam a2200217Ia 4500 | ||
|---|---|---|---|
| 008 | 240830s9999 xx 000 0 und d | ||
| 040 | |a BIBLIOTECA-RUSB/ T.Mon 728 S511 | ||
| 041 | |a spa | ||
| 082 | |a T.Mon 728 S511 | ||
| 100 | 1 | |a Sevilla Jiménez, Jennifer Auxiliadora | |
| 245 | 1 | 0 | |a El regionalismo crítico en la vivienda de remesa en el departamento de Carazo - Nicaragua |
| 260 | |a Managua |b UNI |c 2010 | ||
| 300 | |a 97 p. :il. | ||
| 502 | |a Tesis (Arquitecto) - UNI, 2010. | ||
| 520 | 3 | |a La tesina, EL REGIONALISMO CRÍTICO EN LA VIVIENDA DE REMESA EN EL DEPARTAMENTO DE CARAZO - NICARAGUA establece premisas para el estudio de las inconexiones formales de la vivienda de remesa a partir de las relaciones de esta con el regionalismo crítico y la postura global. Esta investigación evidencia que la inconexión puedes producir estética y en el más sentido relevante la búsqueda arquitectónica a nivel particular de cada seno familiar. El resultado de la tesina evidencia que a partir del fenómeno de la remesa y de la espontaneidad del proceso se deriva una propuesta metodológica de diseño aplicada en proyectos realizados por los autores. Para observación a profundidad. La aplicación de esta propuesta metodológica permite valorar el imaginario de formas que de alguna manera evidencia las bases de postura formal en proceso, representando el desorden urbano y el azar expuesto por las desventajas sociales. | |
| 650 | 7 | |a ARQUITECTURA DOMESTICA ARQUITECTURA - INFLUENCIA DE MIGRANTES - CARAZO - NICARAGUA | |
| 650 | 7 | |b COSNTRUCCION DE VIVIENDAS - PRESUPUESTO FAMILIAR - REMESAS FAMILIARES | |
| 700 | 1 | |a Tutor: |b Hernández Hidalgo, Heimdall Verónica | |
| 942 | |c BK |2 ddc | ||
| 991 | |a TESIS | ||
| 999 | |c 22094 | ||